Situación administrativa / (Registro nro. 166799)

Detalles MARC
000 -LEADER
campo de control de longitud fija 00514nam a2200157 i 4500
001 - NÚMERO DE CONTROL
campo de control 166799
003 - IDENTIFICADOR DE NÚMERO DE CONTROL
campo de control ES-MaACL
005 - FECHA Y HORA DE LA ÚLTIMA TRANSACCIÓN
campo de control 20230906213414.0
008 - DATOS DE LONGITUD FIJA--INFORMACIÓN GENERAL
campo de control de longitud fija 950424s1843 sp |||| | spa d
100 1# - ENTRADA PRINCIPAL--NOMBRE DE PERSONA
Nombre de persona Uriarte, Joaquín.
9 (RLIN) 133454
245 10 - MENCIÓN DEL TÍTULO
Título Situación administrativa /
Mención de responsabilidad, etc. por D. J. U.
260 ## - PUBLICACIÓN, DISTRIBUCIÓN, ETC.
Lugar de publicación, distribución, etc. Madrid :
Nombre del editor, distribuidor, etc. [s.n.],
Fecha de publicación, distribución, etc. 1843 (
Fabricante Imp. de la Sociedad Literaria y Tipográfica)
300 ## - DESCRIPCIÓN FÍSICA
Extensión 32 p. ;
Dimensiones 22 cm.
651 #4 - PUNTO DE ACCESO ADICIONAL DE MATERIA--NOMBRE GEOGRÁFICO
Nombre geográfico España-
Subdivisión general Administración-
Subdivisión cronológica S.XIX.
9 (RLIN) 138846
852 ## - LOCALIZACIÓN
Ubicación ES-MaACL
Número de control de estantería R-1819(2)
Nota libre - Enc. hol.
Existencias
Estatus retirado Estado de pérdida Estado de daño No para préstamo Colección Biblioteca de origen Biblioteca actual Ubicación en estantería Fecha de adquisición Fuente de adquisición Total de préstamos Signatura topográfica completa Código de barras Visto por última vez Precio de reemplazo Tipo de ítem Koha
        Libros del s. XIX Biblioteca del Ateneo de Madrid Biblioteca del Ateneo de Madrid Depósito 17/01/2008     R-1819(2) 1174951 23/02/2023 23/02/2023 Libro impreso antiguo